000 00549nam a22002057a 4500
003 UA-OsUOA
001 53559
007 ta
008 20151030b un ||||| |||| 00| 0 ukr d
090 _a09.-050
_bК17
942 _cMG
040 _aUA-OsUOA
_bukr
_cUA-OsUOA
_dUA-OsUOA
245 _aКалендар канадийского русина на рік звичайни 1917-й
955 _a4
041 _aukr
080 _a09.-050
260 _aВінніпег
650 7 _a0 Загальний відділ.
_2UDC
999 _c433678
_d433678